Normal view
MARC view
- ذوي حاجات صعوبات التعلم - تدريس
Entry Topical Term
001 - CONTROL NUMBER
- control field: 66144
003 - CONTROL NUMBER IDENTIFIER
- control field: JO-AjAnu
005 - DATE AND TIME OF LATEST TRANSACTION
- control field: 20240908105415.0
008 - FIXED-LENGTH DATA ELEMENTS
- fixed length control field: 240908|| aca||babn | a|a d
040 ## - CATALOGING SOURCE
- Original cataloging agency: JO-AjAnu
150 ## - HEADING--TOPICAL TERM
- Topical term or geographic name entry element: ذوي حاجات صعوبات التعلم - تدريس